000 00567nam a2200181Ia 4500
008 090201s9999 xx 000 0 und d
010 _aKPL-74485
040 _bमराठी
041 _aमराठी
082 _a55017
_b74485
100 _aहेमंत सावंत
245 _aपँथर (रामबाग)
_cहेमंत सावंत
250 _a1
260 _c2008
_bश्री नवदुर्गा प्रकाशन
300 _a280
_bलहान
600 _aपँथर (रामबाग)
942 _cBOOK
999 _c251306
_d251306